Matemática 4° Educación Media: texto del estudiante

Guardat en:
Dades bibliogràfiques
Autors principals: Baeza Peña, Angela Rossana (Autor), Villena Ramírez, Marcia Romina (Autor), Jorquera Rozbaczylo, Pablo Alfonso (Autor), Setz Mena, Javiera (Autor)
Format: Llibre
Idioma:espanyol
Publicat: Santiago Santillana del Pacífico 2010
Edició:1a. ed
Matèries:
Etiquetes: Afegir etiqueta
Sense etiquetes, Sigues el primer a etiquetar aquest registre!

MARC

LEADER 00000cam a2200000 a 4500
001 UCF0857
003 CL-VaPUC
008 120614e20100000CL |||||||||||||||||spa|d
020 |a 9789561517608 
082 0 4 |a 510.712  |b BAE  |2 21 
100 0 |a Baeza Peña, Angela Rossana  |e author  |9 562562 
700 0 |a Villena Ramírez, Marcia Romina  |e author  |9 562563 
700 0 |a Jorquera Rozbaczylo, Pablo Alfonso  |e author  |9 562564 
700 0 |a Setz Mena, Javiera  |e author  |9 562565 
245 1 0 |a Matemática 4° Educación Media: texto del estudiante 
250 |a 1a. ed 
300 |a 287 p 
942 |c BK 
945 |d 20120614 00:00:00  |a cmena 
260 |a Santiago  |b Santillana del Pacífico  |c 2010 
650 0 |a Matemáticas  |x Enseñanza  |9 875527 
650 0 |a Métodos de aprendizaje  |9 334464 
650 0 |a Libros de texto  |9 270019 
583 |a last modification  |c 20130325 03:42:58  |k Rodrigo Vera 
999 |c 347955  |d 347953 
952 |0 0  |1 0  |3 erb  |4 0  |6 510_712000000000000_BAE_2010  |7 0  |8 A  |9 449767  |a BIBEDU  |b BIBEDU  |i 5148855  |o 510.712 BAE 2010  |p 5148855  |r 2019-11-22  |w 2019-11-22  |y BK  |z Catalogado en:20150507  |k EPE